| Tag |
First Indicator |
Second Indicator |
Subfields |
| LEADER |
00000cam a22000004a 4500 |
| 001 |
in00001676310 |
| 005 |
20151024130332.0 |
| 008 |
020412s2001 txu s000 0 eng d |
| 035 |
|
|
|a (OCoLC)ocm49570500
|
| 040 |
|
|
|a IKM
|c IKM
|d TXA
|d UtOrBLW
|
| 049 |
|
|
|a TXAM
|
| 086 |
|
|
|a P400.8 M742 2001/10
|2 txdocs
|
| 245 |
0 |
0 |
|a Texas monarch watch monitoring packet /
|c Texas Parks and Wildlife.
|
| 246 |
3 |
0 |
|a Monarch watch
|
| 264 |
|
1 |
|a Austin, Tex. :
|b Texas Parks & Wildlife,
|c [2001]
|
| 300 |
|
|
|a 14 pages :
|b illustrations (some color), color maps ;
|c 28 cm.
|
| 336 |
|
|
|a text
|b txt
|2 rdacontent
|
| 337 |
|
|
|a unmediated
|b n
|2 rdamedia
|
| 338 |
|
|
|a volume
|b nc
|2 rdacarrier
|
| 500 |
|
|
|a Caption title.
|
| 500 |
|
|
|a "PWD BK W7000-649 (10/01)."
|
| 650 |
|
0 |
|a Monarch butterfly
|z Texas.
|
| 650 |
|
0 |
|a Monarch butterfly
|z Texas
|x Identification.
|
| 650 |
|
0 |
|a Monarch butterfly
|x Habitat
|z Texas.
|
| 650 |
|
0 |
|a Monarch butterfly
|x Life cycles
|z Texas.
|
| 710 |
1 |
|
|a Texas.
|b Parks and Wildlife Department.
|
| 994 |
|
|
|a E0
|b TXA
|
| 999 |
|
|
|a MARS
|
| 999 |
f |
f |
|s 76e891ca-b272-33cf-abf3-871f31611cd9
|i fd5e52cb-c09f-35d9-8dac-3032fb6fcf9a
|t 0
|
| 952 |
f |
f |
|p normal
|a Texas A&M University
|b College Station
|c Sterling C. Evans Library
|d Evans: Texas Documents (Annex 5th floor)
|t 0
|e P400.8 M742 2001/10
|h Other scheme
|i unmediated -- volume
|m A14829052843
|
| 998 |
f |
f |
|a P400.8 M742 2001/10
|t 0
|l Evans: Texas Documents (Annex 5th floor)
|